000 00646nam a2200229Ia 4500
003 OSt
005 20220918230858.0
006 a|||||r|||| 00| 0
007 ta
008 220917b |||||||| |||| 00| 0 eng d
024 _a261,370
037 _cTextual
040 _aARTS
_cARTS
_beng
041 _2eng
_aeng
082 _aX:97.2, L3
100 _aAgarwal R D Ed.
_9153455
245 0 _aDynamics of labour relations in India
_b book of readings
260 _aNew Delhi
_bTata Mc Graw-Hill Publishing Company
_c1973
650 _aECONOMICS
942 _hX:97.2, L3
_cTEXL
_2CC
999 _c289221
_d289221